000 00464nam a2200181Ia 4500
001 8203
005 20260306160551.0
008 260306t2011||||xx |||||||||||||| ||spa||
041 _aESP
082 _a370.15
_bF85
100 _aFroufe, Manuel
_eAUT
245 0 _aPsicologĂ­a del aprendizaje:
_bprincipios y aplicaciones conductuales
260 _c2011
300 _axiii, 319 páginas :
_c24 cm.
650 _aGEN
654 _aCED
942 _cLIB
_dJUS
_fJUS
_2ddc
_n
999 _c8203
_d8203